| 000 | 00537nam a2200229 a 4500 | ||
|---|---|---|---|
| 001 | nice12345678 | ||
| 003 | IN_TiNIC | ||
| 005 | 20260116011520.0 | ||
| 008 | 050524s1927 lona grp 000 0 eng | ||
| 020 |
_a _c100 |
||
| 082 | 0 | 0 |
_a915.504 _bCHA |
| 100 | _aChardin, John | ||
| 245 | _aTravels in Persia | ||
| 260 |
_aLondon _bArgonaut Press _c1927 |
||
| 300 | _a287p | ||
| 500 | _aincludes index and biblioraphy | ||
| 505 | 2 | _aIll | |
| 650 | _aIran-Travel and Description | ||
| 902 | _bSRS | ||
| 942 | _cBK | ||
| 999 |
_c2213 _d2213 |
||